00776nam a2200253 a 4500001001300000003000900013005001700022008004100039020001000080082001500090100002400105245002100129260003400150300000900184500003500193505009100228650002200319650001200341700002400353902000800377942000700385952011500392999001500507nice12345678IN_TiNIC20260116011949.0050524s1952 deoa grp 000 0 urd  ac10000a297.7bRIZ aRizvi, Syed Mahboob aTarikh-E-Deoband aDeobandbTarikh Deobandc1952 a178p aincludes index and biblioraphy2 aalso contains nishan-e-asmani, asmani faisla siraj-e-munir and risala tuhfa-e-baghdad. aIslamic-Education aDeoband1 aRizvi, Syed Mahboob bSRS cBK 001040708StackRoom-aHMIbHMId2007-07-12g100.00l0o297.7 RIZp06472r2007-07-12v100.00w2005-05-24yBK c5083d5083